|
|
|
|
| LEADER |
01516nam a22002897a 4500 |
| 001 |
40592 |
| 003 |
BD-DhAAL |
| 005 |
20230117151200.0 |
| 008 |
230117t2021 bg ||||| |||| 00| 0dben d |
| 040 |
|
|
|a BD-DhAAL
|c BD-DhAAL
|
| 041 |
|
|
|a ben
|
| 082 |
|
|
|a 891.443
|
| 100 |
|
|
|a চট্টোপাধ্যায়, বঙ্কিমচন্দ্র.
|
| 245 |
|
|
|a বঙ্কিমচন্দ্র চট্টোপাধ্যায় :
|b রচনাসমগ্র /
|n দ্বিতীয় খন্ড (প্রবন্ধ ওগদ্য রচনাসমগ্র),
|c ভূমিকা রতন সিদ্দিক
|
| 260 |
|
|
|a ঢাকা :
|b রাফাত পাবলিকেশন,
|c ২০২১
|
| 300 |
|
|
|a ৮২৩ পৃষ্ঠা ;
|b ২৪ সে. মি
|
| 362 |
|
|
|a ২য় খন্ড
|
| 526 |
|
|
|a GenEd (Residential Campus)
|
| 541 |
|
|
|a Development Book Agency
|e 40592, 40593
|
| 650 |
|
|
|a Bengali fiction.
|
| 650 |
|
|
|a Bengali literature.
|
| 700 |
|
|
|a সিদ্দিক, রতন
|9 53389
|
| 852 |
|
|
|a Ayesha Abed Library
|c General Stacks
|
| 942 |
|
|
|2 ddc
|c BK
|
| 999 |
|
|
|c 45273
|d 45273
|
| 952 |
|
|
|0 0
|1 0
|2 ddc
|4 0
|6 891_443000000000000_CHA
|7 0
|9 72667
|a SCL
|b SCL
|c GEN
|d 2023-01-05
|e Development Book Agency
|g 701.00
|l 0
|o 891.443 CHA
|p 3020040592
|r 2023-01-05
|t 1
|v 701.00
|w 2023-01-05
|y BK
|
| 952 |
|
|
|0 0
|1 0
|2 ddc
|4 0
|6 891_443000000000000_CHA
|7 0
|9 72668
|a SCL
|b SCL
|c GEN
|d 2023-01-05
|e Development Book Agency
|g 701.00
|l 0
|o 891.443 CHA
|p 3020040593
|r 2023-01-05
|t 2
|v 701.00
|w 2023-01-05
|y BK
|